000 00858cam a22002893a 4500
001 3012
003 PGUSA
005 20140828083024.0
008 020101s2002||||xxu|||||s|||||000 | eng d
040 _aPGUSA
_beng
042 _adc
050 4 _aPA
100 1 _aAristophanes,
_d-450--388
245 1 4 _aThe Acharnians
_h[electronic resource] /
_cAristophanes
260 _bProject Gutenberg,
_c2002
500 _aUniform title: Acharnians. English
506 _aPublic domain in the USA.
516 _aElectronic text
653 _aComedies
653 _aPeace treaties -- Drama
653 _aAristophanes -- Translations into English
653 _aAthens (Greece) -- Drama
653 _aGreek drama (Comedy) -- Translations into English
830 0 _aProject Gutenberg
_v3012
856 4 0 _uhttp://www.gutenberg.org/ebooks/3012
942 _cEB
999 _c232342
_d232342